000 01266cam0 2200289 ib4500
001 BY-MI0004-br47712
005 20260319112032.0
010 ^a5-85066-078-X
^d1460 р.
035 ^a(BY-MI0004)BY-MI0004-br47712
100 ^a20250617d1997 b y0rusy50 ca
101 0 ^arus
102 ^aRU
105 ^aa z 000oy
109 ^ama
200 1 ^aА может быть ворона
^e[для младшего школьного возраста]
^fЭ. Успенский
^g[художник О. Горбушин]
210 ^aМосква
^cТеремок
^d1997
215 ^a110 с.
^cцв. ил.
608 ^3BY-NLB-ar9019
^aДЕТСКАЯ И ЮНОШЕСКАЯ ЛИТЕРАТУРА (художеств. произведение)
^2BYGNR
608 ^3BY-NLB-ar16440
^aЛИТЕРАТУРНАЯ СКАЗКА
^2BYGNR
608 ^3BY-NLB-ar3140829
^aСКАЗОЧНАЯ ПОВЕСТЬ
^2BYGNR
686 ^a84(2Рос)6
^2rubbk
690 ^a1
^2Base
^9BY-MI0004
^xRSEK
700 1 ^3BY-NLB-ar2440040
^aУспенский
^bЭ. Н.
^gЭдуард Николаевич
^cписатель
^f1937-2018
801 0 ^aBY
^bBY-MI0004
^c20250617
^gRCR
899 ^aBY-MI0004
^h84(2Рос)6
^iУ 77